000
00318nam a22001217a 4500
008
190311b xxu||||| |||| 00| 0 eng d
041
_a
eng
080
_a
043.3
100
_a
0
101
_a
SHKI-MA
245
_a
Zhvillimi i sistemit për menaxhimin e dokumenteve brenda institucionit UBT
_c
Gashi,B
942
_2
udc
_c
BK
999
_c
54682
_d
54682